| 000 | 01051nas a2200337 4500 | ||
|---|---|---|---|
| 001 | BR0604420 | ||
| 003 | BR-BrBNA | ||
| 005 | 20231205110412.0 | ||
| 007 | ta | ||
| 008 | 230509b bl.|||p| |||| 00| 00por d | ||
| 040 |
_aBR-BrBNA _bpor _cBiblioteca Nacional de Agricultura |
||
| 041 | _a(Pt) | ||
| 072 | _aL02; L50 | ||
| 100 | 1 | _aMoreira, I. | |
| 100 | 1 | _aSartori, I.M. | |
| 100 | 1 | _aPaiano, D. | |
| 100 | 1 | _aMartins, R.M. | |
| 100 | 1 | _aOliveira, G.C. de | |
| 245 | 1 | _aUtilização do farelo de algodão, com ou sem a adição de ferro, na alimentação de leitões na fase inicial (15-30 kg) | |
| 650 | _aLEITÃO | ||
| 650 | _aALGODÃO | ||
| 650 | _aFARELO | ||
| 650 | _aNUTRIÇÃO ANIMAL | ||
| 650 | _aALIMENTO ALTERNATIVO | ||
| 650 | _aPERFORMANCE | ||
| 650 | _aCOMPOSIÇÃO DE ALIMENTO | ||
| 650 | _aBIOQUÍMICA ANIMAL | ||
| 773 | 0 |
_tRevista Brasileira de Zootecnia (Brazil) _xISSN 1516-3598 _g(May-Jun 2006), v. 35(3)Suplemento p. 1077-1084 _wBR0604420 |
|
| 909 |
_a202311 _bLúcia _c55 _dLúcia Elande |
||
| 942 |
_2AGRIS _n0 _cANA |
||
| 999 |
_c187255 _d187255 |
||